LEADER 01322nam 2200385 450 001 996280697603316 005 20230814223056.0 010 $a1-5386-1946-6 035 $a(CKB)4100000005061398 035 $a(WaSeSS)IndRDA00121883 035 $a(EXLCZ)994100000005061398 100 $a20200414d2018 uy 0 101 0 $aeng 135 $aur||||||||||| 181 $ctxt$2rdacontent 182 $cc$2rdamedia 183 $acr$2rdacarrier 200 10$a2018 IEEE 15th International Workshop on Advanced Motion Control $e9-11 March 2018, Tokyo, Japan /$fIEEE Industrial Electronics Society 210 1$aPiscataway, New Jersey :$cInstitute of Electrical and Electronics Engineers,$d2018. 215 $a1 online resource (137 pages) 311 $a1-5386-1947-4 606 $aMotion control devices$vCongresses 606 $aIntelligent control systems$vCongresses 606 $aElectric controllers$vCongresses 615 0$aMotion control devices 615 0$aIntelligent control systems 615 0$aElectric controllers 676 $a629.8 712 02$aIEEE Industrial Electronics Society, 801 0$bWaSeSS 801 1$bWaSeSS 906 $aPROCEEDING 912 $a996280697603316 996 $a2018 IEEE 15th International Workshop on Advanced Motion Control$92534053 997 $aUNISA LEADER 01674nam 2200493Ia 450 001 9910699647303321 005 20110103165259.0 035 $a(CKB)5470000002404464 035 $a(OCoLC)694803945 035 $a(EXLCZ)995470000002404464 100 $a20110103d2010 ua 0 101 0 $aeng 135 $aurmn||||||||| 181 $ctxt$2rdacontent 182 $cc$2rdamedia 183 $acr$2rdacarrier 200 10$aHyBoLT flight experiment$b[electronic resource] /$fFang-Jenq (Frank) Chen and Scott A. Berry 210 1$aHampton, Va. :$cNational Aeronautics and Space Administration, Langley Research Center,$d[2010] 215 $a1 online resource (iii, 71 pages) $cillustrations 225 1 $aNASA/TM- ;$v2010-216725 300 $aTitle from title screen (viewed on Jan. 3, 2011). 300 $a"July 2010." 320 $aIncludes bibliographical reference (page 15). 606 $aHyBoLT flight experiment$2nasat 606 $aAeronautical engineering$2nasat 606 $aHypersonic boundary layer$2nasat 606 $aTransition flight$2nasat 606 $aFlight control$2nasat 606 $aBoundary layer transition$2nasat 615 7$aHyBoLT flight experiment. 615 7$aAeronautical engineering. 615 7$aHypersonic boundary layer. 615 7$aTransition flight. 615 7$aFlight control. 615 7$aBoundary layer transition. 700 $aChen$b Fang-Jenq$01404895 701 $aBerry$b Scott A$01397447 712 02$aLangley Research Center. 801 0$bGPO 801 1$bGPO 906 $aBOOK 912 $a9910699647303321 996 $aHyBoLT flight experiment$93480403 997 $aUNINA